000
00301nam a22001337a 4500
008
210527b ||||| |||| 00| 0 eng d
041
_a
eng
080
_2
2nd
_a
33
082
_a
33
100
_a
52
101
_a
EKO
245
_a
An Economic History of the United States
_c
Fite,G.C
942
_2
udc
_c
BK
999
_c
57695
_d
57695